000 00628nam a2200205Ii 4500
003 JO-AjNU
008 230605s9999||||xx |||||||||||||| ||und||
017 _a1999/4852
040 _aJO-AjNU
_bara
_erda
_cJO-AjNU
041 _aara
050 1 4 _aRJ101 1999
100 3 _aالديواني ، خليل مصطفى ,
_eauthor
_99130
245 0 0 _aصحة الطفل
264 3 1 _aالقاهرة:الهيئة المصرية العامه للكتاب ، 1999
300 _a299ص
336 _atext
_btxt
_2rdacontent
337 _aunmediated
_bn
_2rdamedia
338 _avolume
_bnc
_2rdacarrier
650 4 _aصحة الطفل
_99131
999 _aA1141
_c4709
_d4709